000 00570cam a22002053a 4500
001 44620
003 PGUSA
005 20140828084023.0
008 140107s2014||||xxu|||||s|||||000 | eng d
040 _aPGUSA
_beng
042 _adc
100 1 _aGaboriau, Emile,
_d1832-1873
245 1 0 _aLe crime d'Orcival
_h[electronic resource] /
_cEmile Gaboriau
260 _bProject Gutenberg,
_c2014
506 _aPublic domain in the USA.
516 _aElectronic text
830 0 _aProject Gutenberg
_v44620
856 4 0 _uhttp://www.gutenberg.org/ebooks/44620
942 _cEB
999 _c273871
_d273871